| Поле | Инд. | ПП | Название | Значение |
|---|---|---|---|---|
| Тип записи | a | |||
| Библиографический уровень | m | |||
| 001 | Контрольный номер | a94ca48516784fc4865373e1c4def473 | ||
| 005 | Дата корректировки | 20260126115549.9 | ||
| 020 | a | ISBN | 978-5-7609-2038-6 | |
| 040 | a | Служба первич. каталог. | НБ ТвГУ | |
| b | Код языка каталог. | rus | ||
| e | Правила каталог. | PSBO | ||
| 041 | 0_ | a | Код языка текста | rus |
| 080 | a | Индекс УДК | 159.9:338.24(075.8) | |
| 080 | a | Индекс УДК | 159.9:331(075.8) | |
| 084 | a | Индекс другой классификации/Индекс ББК | Ю956.6я73-1 | |
| 084 | a | Индекс другой классификации/Индекс ББК | Ю98я73-1 | |
| 090 | a | Полочн. индекс | Ю956.6 | |
| x | Авторский знак | Б 72 | ||
| 097 | b | Оператор | Semenova.ZR | |
| 100 | 1_ | a | Автор | Бобинкин Сергей Александрович |
| e | Роль лиц | Автор | ||
| 245 | 10 | a | Заглавие | Психология труда и управления персоналом |
| b | Продолж. заглавия | учебное пособие | ||
| c | Ответственность | С. А. Бобинкин ; Российский государственный социальный университет, Филиал в г. Клину Московской области | ||
| 260 | c | Дата издания | 2025 | |
| a | Место издания | Тверь | ||
| b | Издательство | Тверской государственный университет | ||
| 300 | a | Объем | 115, [1] с. | |
| b | Иллюстрации/ тип воспроизводства | схем., табл. | ||
| 520 | 0_ | a | Аннотация | B учебном пособии рассматриваются теоретические и практические вопросы психологии труда и управления персоналом: основы развития человека в труде, историческое развитие теории управления, лидерство и руководство в организации, деятельность руководителя в различных организационных структурах, подбор и расстановка персонала. Учебное пособие может использовать как электронный образовательный ресурс (контент) по программам дополнительного профессионального образования, профессионального обучения по программам повышения квалификации, переподготовки. Учебное пособие предназначено для слушателей курсов дополнительного образования в рамках проведения занятий по дисциплине - "Психология труда", "Управление персоналом", а также бакалавров, магистрантов, аспирантов, обучающимся по направлениям подготовки "Психология", "Менеджмент", "Государственное муниципальное управление" |
| 653 | 0_ | a | Ключевые слова | Психология труда |
| a | Ключевые слова | Психология управления персоналом | ||
| a | Ключевые слова | Психология менеджмента | ||
| a | Ключевые слова | Управление персоналом | ||
| a | Ключевые слова | Теория управления | ||
| a | Ключевые слова | Руководитель организации | ||
| a | Ключевые слова | Подбор персонала | ||
| a | Ключевые слова | Учебники для вузов | ||
| 700 | 12 | a | Другие авторы | Антоновский Александр Викторович |
| e | Роль лиц | Рецензент | ||
| 700 | 12 | a | Другие авторы | Федотов Сергей Николаевич |
| e | Роль лиц | Рецензент | ||
| 710 | 12 | a | Организация/ юрисдикция | Российский государственный социальный университет |
| 901 | t | Тип документа | m | |
| 920 | a | Оператор | Семен | |
| a | Оператор | Лиси | ||
| 930 | a | Новая/Ретро | новая | |
| 952 | c | Вид литературы | К ру | |
| 954 | b | Дата поступления в ОК | 20260123 | |
| a | Дата поступления на обработку | 20260126 |